| 000 | 004130000a22001690004500 | ||
|---|---|---|---|
| 003 | LK-CoMWRAF | ||
| 008 | 230817t ||||| |||| 00| 0 eng d | ||
| 020 | _a0700702849 | ||
| 040 |
_aLK-CoMWRAF _dLK-CoMWRAF _eLK-CoMWRAF |
||
| 041 | _aeng | ||
| 082 |
_a913 _bARN |
||
| 245 |
_aInstitutions and Ideologies _b |
||
| 260 |
_aUK _bCurzon Press Ltd _c1993 |
||
| 300 | _ap.223 | ||
| 650 | _asocial science | ||
| 942 | _cBK | ||
| 999 |
_c2989 _d2989 |
||